000 01232nam a2200265Ia 4500
999 _c5736
_d5736
003 OSt
005 20200320124333.0
008 191128s1956 sp ad fr 001 0 spa d
040 _aCO-JMCR
_cCO-JMCR
082 0 4 _a001.422 /
_bC388m
100 1 _aCecil Mills, Frederick,
_eautor
_91158
245 1 0 _aMétodos estadísticos aplicados a la economía y los negocios /
_cFrederick Cecil Mills ; traducción, Juan Ruíz Magán, Enrique Gastardi
250 _aQuinta edición
260 _aMadrid :
_bAguilar,
_c1956
300 _axxiii, 744 páginas :
_bilustraciones a blanco y negro ;
_c21 cm.
505 _aLos métodos estadísticos y los problemas económicos y comerciales -- Representación gráfica -- Elaboración de los datos estadísticos -- Estudio de la distribución de frecuencias: promedios -- Estudio de la distribución de frecuencias
534 _pStadistical methods applied to economics and business
546 _aspa
650 2 4 _aEconomía
_xEstadísticas
_91159
650 2 4 _aEstadística comercial
_91160
700 1 _aRuíz Magán, Juan,
_etraductor
_91161
700 1 _aGastardi, Enrique,
_dtraductor
_91162
799 _aRuíz Magan, Juan, traductor ; Gastardi, Enrique, traductor
942 _2ddc
_cBK